Statystyki dla Państwa, które dzielą te regiony #5

Kliknij tutaj aby rozwiązać quiz!

Ogólne statystyki

  • Ten quiz został rozwiązany 370 razy
  • Średni wynik to 28 z 36

Statystyki odpowiedzi

Wspólny regionKraj% Poprawnych
Półwysep BałkańskiGrecja
94%
Półwysep BałkańskiAlbania
92%
Półwysep BałkańskiChorwacja
92%
Półwysep BałkańskiKosowo
92%
Półwysep BałkańskiSerbia
92%
Półwysep BałkańskiBośnia i Hercegowina
91%
Półwysep BałkańskiBułgaria
91%
Półwysep BałkańskiSłowenia
91%
Półwysep BałkańskiCzarnogóra
90%
Półwysep BałkańskiRumunia
90%
Ontario (jezioro)Kanada
89%
Ontario (jezioro)Stany Zjednoczone
89%
Półwysep BałkańskiMacedonia Północna
88%
Półwysep BałkańskiTurcja
87%
BesarabiaMołdawia
82%
LiwoniaRosja
82%
Azja centralnaKazachstan
81%
Azja centralnaTadżykistan
81%
BesarabiaUkraina
79%
Azja centralnaTurkmenistan
78%
Azja centralnaUzbekistan
78%
Azja centralnaKirgistan
77%
Półwysep BałkańskiWłochy
76%
RivieraWłochy
76%
LiwoniaLitwa
75%
LiwoniaŁotwa
75%
LiwoniaEstonia
74%
RivieraFrancja
73%
LiwoniaBiałoruś
72%
NubiaEgipt
64%
MaghrebMaroko
60%
MaghrebTunezja
59%
MaghrebAlgieria
57%
MaghrebLibia
57%
NubiaSudan
57%
MaghrebMauretania
46%

Rozkład punktacji

Percentyl według liczby udzielonych odpowiedzi

Procent ludzi z każdym wynikiem

Twoja historia wyników

Nie rozwiązałeś tego quizu